Cartilla abierta 2.

Gespeichert in:
Bibliographische Detailangaben
Format: keine Angabe
Sprache:Spanisch
Erschienen: Barcelona Anaya 1989
Katalog:MANES:  Suchergebnis im Bibliothekskatalog
Schulbuchspezifische Eigenschaften:
Tags: Tag hinzufügen
Keine Tags, Fügen Sie den ersten Tag hinzu!
Hinzugefügt zu:26.04.2016

MARC

LEADER 000000000a22000000004500
001 10646
003 OSt
008 160427s sp ||||| |||| 00| 0 spa d
040 |c centro_manes 
041 1 |a spa 
691 7 |a PRI 
245 0 0 |a Cartilla abierta 2. 
260 3 |a Barcelona  |b Anaya  |c 1989 
300 |a 63 p.  |c 25 x 19 cm 
500 |a Normas para uso de la cartilla. 
690 0 |a EyL 
942 |2 ddc  |c BK 
546 |a España 
999 |c 16620  |d 16620 
999 |c manes:16620  |d 16620